La instrucción militar en la escuelas / (Record no. 68414)

MARC details
000 -LEADER
campo de control de longitud fija 00807nam a22002175i 4500
001 - NÚMERO DE CONTROL
campo de control 68414
003 - IDENTIFICADOR DE NÚMERO DE CONTROL
campo de control ES-MaACL
005 - FECHA Y HORA DE LA ÚLTIMA TRANSACCIÓN
campo de control 20250528063009.0
007 - CAMPO FIJO DE DESCRIPCIÓN FÍSICA--INFORMACIÓN GENERAL
campo de control de longitud fija t|
008 - DATOS DE LONGITUD FIJA--INFORMACIÓN GENERAL
campo de control de longitud fija 960801s1898 sp ||||1| spa d
040 ## - FUENTE DE CATALOGACIÓN
Centro catalogador/agencia de origen CAM
Lengua de catalogación spa
Centro/agencia transcriptor CAM
100 1# - ENTRADA PRINCIPAL--NOMBRE DE PERSONA
Nombre de persona García Pérez, Antonio,
Fechas asociadas al nombre 1874-1950
9 (RLIN) 55441
245 13 - MENCIÓN DEL TÍTULO
Título La instrucción militar en la escuelas /
Mención de responsabilidad, etc. por Antonio García Pérez.
260 ## - PUBLICACIÓN, DISTRIBUCIÓN, ETC.
Lugar de publicación, distribución, etc. Madrid :
Nombre del editor, distribuidor, etc. [s.n.],
Fecha de publicación, distribución, etc. 1898 (
Fabricante Imprenta del Cuerpo de Artillería)
300 ## - DESCRIPCIÓN FÍSICA
Extensión 8 p. ;
Dimensiones 22 cm.
490 1# - MENCIÓN DE SERIE
Mención de serie Publicaciones de los "Estudios militares"
650 04 - PUNTO DE ACCESO ADICIONAL DE MATERIA--TÉRMINO DE MATERIA
Término de materia o nombre geográfico como elemento de entrada Enseñanza militar.
9 (RLIN) 12302
830 0# - PUNTO DE ACCESO ADICIONAL DE SERIE-TÍTULO UNIFORME
Título uniforme Publicaciones de los "Estudios militares"
9 (RLIN) 183233
852 ## - LOCALIZACIÓN
Ubicación ES-MaACL
Número de control de estantería T-848-F-7
Nota libre .- Enc. en un vol. facticio conservando la enc. original
-- .- Ded. ms. del autor
Holdings
Estatus retirado Estado de pérdida Estado de daño No para préstamo Colección Biblioteca de origen Biblioteca actual Ubicación en estantería Fecha de adquisición Fuente de adquisición Total de préstamos Signatura topográfica completa Código de barras Visto por última vez Precio de reemplazo Tipo de ítem Koha
        Colección de folletos Biblioteca del Ateneo de Madrid Biblioteca del Ateneo de Madrid Depósito folletos 17/01/2008     T-848-F-7 1071615 23/02/2023 23/02/2023 Folleto